000 00696nam a2200253 a 4500
001 68323
003 BD-RjUL
005 20211209081745.0
008 170402m19481938enka j 001 0 eng d
035 _a(BD-RjUL)68533
040 _aDLC
_cDLC
_dDLC
_dOCoLC
_beng
041 _aeng
082 0 0 _223
_a537
_bMCM 1948
100 1 _aMcKenzie, A. E. E.
_9202552
245 1 0 _aMagnetism and electricity /
_cby A. E. E. McKenzie
250 _a1st ed.
260 _aCambridge :
_bUniversity Press,
_c1948.
300 _ax, 881 p. :
_bill. ;
_c22 cm.
500 _aIncludes indexes.
650 0 _aElectricity
_9202553
650 0 _aMagnetism
_9202554
942 _2ddc
_cBK
999 _c68323
_d68323